000 00334nam a2200145Ia 4500
008 210210b1895 xxu||||| |||| 00| 0 eng d
041 _aeng
082 _a829/314
100 _aD' ISRAELI (B)
245 _aSybil
260 _aLondon
_bMacmillan & Co. Ltd.
_c1895
650 _aSybil
690 _aEnglish Fiction
906 _a016919
999 _c136837
_d136837